000 00705nam a2200241 i 4500
001 C2-0310311
003 PPAK
005 20180728101548.0
008 110615s2009 my |||| ||||| | eng d
020 _a9789839783223
040 _aPPAK
_beng
_cPPAK
_erda
082 0 4 _a959.5
_223
090 0 0 _a959.5
_bMAL
_dR
245 0 0 _aMalaysia at 50 and beyond
264 1 _aKuala Lumpur :
_bMalaysian Strategic Research Centre ,
_c2009
300 _a371 pages ;
_c21 cm
336 _2rdacontent
_atext
337 _2rdamedia
_aunmediated
338 _2rdacarrier
_avolume
650 1 0 _aMalaysia - History. ; Malaysia - Politics and government.
700 0 _aAbdul Razak Baginda,
_eeditor
942 _ddc
_cB
999 _c112769
_d112769